DTI to tackle issues of mining and house prices (Record no. 73502)
[ view plain ]
| 000 -LEADER | |
|---|---|
| fixed length control field | 00948cam a2200217 4500 |
| 001 - CONTROL NUMBER | |
| control field | WB3937-08 |
| 008 - FIXED-LENGTH DATA ELEMENTS--GENERAL INFORMATION | |
| fixed length control field | 030930n2003 000 0 eng u |
| 035 ## - SYSTEM CONTROL NUMBER | |
| System control number | (Sirsi) u123777 |
| 245 ## - TITLE STATEMENT | |
| Title | DTI to tackle issues of mining and house prices |
| 260 ## - PUBLICATION, DISTRIBUTION, ETC. | |
| Date of publication, distribution, etc. | 2003 |
| 490 ## - SERIES STATEMENT | |
| Series statement | DTI Press Release |
| Volume/sequential designation | (P/2003/486) 25 September 2003 (2) |
| 520 ## - SUMMARY, ETC. | |
| Summary, etc. | The DTI has launched a new system for detecting houses put at risk by disused mine-shafts, in an attempt to stop the housing market in former mining areas being blighted by uncertainty. The Coal Authority will offer an interpretative report service which will help identify areas at risk. http://www.gnn.gov.uk/gnn/national.nsf/TI/E19D3E6525E2739980256DAC004B6A3F?opendocument |
| 590 ## - LOCAL NOTE (RLIN) | |
| Local note | WB |
| 650 ## - SUBJECT ADDED ENTRY--TOPICAL TERM | |
| Topical term or geographic name entry element | COAL MINING |
| 650 ## - SUBJECT ADDED ENTRY--TOPICAL TERM | |
| Topical term or geographic name entry element | BLIGHTED PROPERTY |
| 650 ## - SUBJECT ADDED ENTRY--TOPICAL TERM | |
| Topical term or geographic name entry element | COAL AUTHORITY |
| 650 ## - SUBJECT ADDED ENTRY--TOPICAL TERM | |
| Topical term or geographic name entry element | HOUSE PRICES |
| 650 ## - SUBJECT ADDED ENTRY--TOPICAL TERM | |
| Topical term or geographic name entry element | MINE SHAFTS |
| 690 ## - LOCAL SUBJECT ADDED ENTRY--TOPICAL TERM (OCLC, RLIN) | |
| Topical term or geographic name as entry element | ENVIRONMENTAL AND LAND CONSULTANCY |
| 942 ## - ADDED ENTRY ELEMENTS (KOHA) | |
| Suppress in OPAC | 0 |
| Withdrawn status | Lost status | Source of classification or shelving scheme | Damaged status | Not for loan | Home library | Current library | Shelving location | Date acquired | Total Checkouts | Full call number | Barcode | Date last seen | Copy number | Price effective from | Koha item type |
|---|---|---|---|---|---|---|---|---|---|---|---|---|---|---|---|
| Dewey Decimal Classification | London | London | News article | 30/09/2003 | WB3937-08 | 123777-1001 | 06/08/2019 | 1 | 06/08/2019 | News article |